| 000 | 02076cam a22004814i 4500 | ||
|---|---|---|---|
| 003 | PE-LiUPU | ||
| 005 | 20250731184555.0 | ||
| 008 | 150625s r 000 0 d | ||
| 020 | _a997275202X | ||
| 035 | _a(Sirsi) i9789972752025 | ||
| 040 |
_aPE-LiUPU _bspa _cPE-LiUPU _erda |
||
| 049 | _aPRUA | ||
| 082 | 0 | 4 |
_a985.5 _bD49 _221 |
| 100 | 1 |
_aDel Busto Duthurburu, José Antonio, _eautor. |
|
| 245 | 1 | 0 |
_aConquista y virreynato / _cJosé Antonio del Busto Duthurburu. |
| 264 | 1 |
_aLima : _bEmpresa Editora El Comercio, _c2004. |
|
| 300 |
_a190 páginas : _bilustraciones ; _c28 centímetros |
||
| 336 |
_atext _2rdacontent |
||
| 337 |
_aunmediated _2rdamedia |
||
| 338 |
_avolume _2rdacarrier |
||
| 490 | 0 |
_aEnciclopedia temática del Perú ; _v2 |
|
| 504 | _aIncluye bibliografía. | ||
| 505 | 0 | _aLos conquistadores españoles. -Los viajes descubridores del Perú. -La caída del Tahuantinsuyo. -La fundación de ciudades. -La resistencia incaica. -Las guerras civiles. -Los grandes descubrimientos. -Los incas de Vilcabamba. -La administración central. -Catolicismo y religiosidad nativa. -Educación y vida intelectual. -El comercio, la industria y la artesanía. -Las rebeliones indígenas. -El virreynato, la edad media del Perú. | |
| 526 | _aP136 | ||
| 526 | _aP135 | ||
| 526 | _aP134 | ||
| 526 | _aP133 | ||
| 526 | _aP144 | ||
| 526 | _aP143 | ||
| 526 | _aP87 | ||
| 526 | _aP35 | ||
| 526 | _aP20 | ||
| 526 | _aP14 | ||
| 526 | _aP10 | ||
| 526 | _aP06 | ||
| 650 | 0 | 4 |
_aPerú _xHistoria _yVirreynato. |
| 942 |
_2ddc _cBOOK |
||
| 949 |
_a985.5 D49 _wDEWEY _c1 _i56908 _d2016-10-31 _e2016-10-30 _lCCODEBUL1 _mBUL _n1 _p4.00 _r0 _sY _tBOOK _u2015-6-25 _xEDUCACION _zUNKNOWN _0COMPRA _o.STAFF. Colección General |
||
| 994 |
_aC0 _bPEPRU |
||
| 596 | _a1 | ||
| 999 |
_a985.5 D49 _wDEWEY _c46040 _i56908 _d46040 _e2016-10-30 _f2021-11-8 _g5 _lCCODEBUL1 _mBUL _n1 _p4.00 _r0 _sY _tBOOK _u2015-6-25 _xBIBLIOTECA _zUNKNOWN _0COMPRA _o.STAFF. Colección General |
||
| 980 |
_81 _gALBERTO SANCHEZ Responsable de Automatización |
||